01089cam a2200289 a 45000010005000000030006000050050017000110080041000280100017000690200015000860200017001010400023001180420014001410500025001550820012001801000022001922450066002142600036002803000046003165050007003625200273003695210028006425210018006706500045006886500031007337000035007642080FISKH20231106133956.0020104s2001 nyua j 000 1 eng d a 00134975  a0375813454 a033500980497 aIMFcIMFdDLCbeng alccopycat00aPZ7.A42526bSha 2001 a808.8031 aAllen, Constance.10aShake a leg! /cby Constance Allen ; illustrated by Tom Cooke aNew York :bGolden Book,c1991. a24 pages :bcolor illlustrations ;c16 cm aF  aIt's time for some exercise! So shake a leg and every other limb to get warmed up for some fitness and fun. Toddlers will have a good giggle as the Sesame monsters try different routines to get in shape. They can even follow along and get their own kid-sized workout. 8 a300 bLexile estimate 8 aF bRaz-Plus  0aExercise for childrenvJuvenile fiction. 0aPuppetsvJuvenile fiction.1 aSwanson, Maggie,eillustrator